<?xml version="1.0" encoding="UTF-8"?>
<record
    xmlns:xsi="http://www.w3.org/2001/XMLSchema-instance"
    xsi:schemaLocation="http://www.loc.gov/MARC21/slim http://www.loc.gov/standards/marcxml/schema/MARC21slim.xsd"
    xmlns="http://www.loc.gov/MARC21/slim">

  <leader>01364nam0a2200325   4500</leader>
  <controlfield tag="001">RU\NLR\BIBL_A\011900224</controlfield>
  <controlfield tag="005">20190117164010.0</controlfield>
  <datafield tag="010" ind1=" " ind2=" ">
    <subfield code="a">978-5-17-093636-6</subfield>
    <subfield code="9">4000</subfield>
  </datafield>
  <datafield tag="021" ind1=" " ind2=" ">
    <subfield code="a">RU</subfield>
    <subfield code="b">&#x41A;&#x41D;-&#x41F;-18-092034</subfield>
    <subfield code="9">&#x41A;&#x41D;-&#x41F;-18-6686</subfield>
  </datafield>
  <datafield tag="035" ind1=" " ind2=" ">
    <subfield code="a">(NLR Aleph) 011900224</subfield>
  </datafield>
  <datafield tag="035" ind1=" " ind2=" ">
    <subfield code="a">(RuMoRGB)009826108</subfield>
  </datafield>
  <datafield tag="090" ind1=" " ind2=" ">
    <subfield code="a">10879054</subfield>
    <subfield code="c">10879054</subfield>
  </datafield>
  <datafield tag="100" ind1=" " ind2=" ">
    <subfield code="a">20181225d2018    b  y0rusy50      ca</subfield>
  </datafield>
  <datafield tag="101" ind1="0" ind2=" ">
    <subfield code="a">rus</subfield>
  </datafield>
  <datafield tag="102" ind1=" " ind2=" ">
    <subfield code="a">RU</subfield>
  </datafield>
  <datafield tag="105" ind1=" " ind2=" ">
    <subfield code="a">a|||z|||000ay</subfield>
  </datafield>
  <datafield tag="200" ind1="1" ind2=" ">
    <subfield code="a">&#x41E;&#x432;&#x43E;&#x449;&#x438; &#x438; &#x444;&#x440;&#x443;&#x43A;&#x442;&#x44B;</subfield>
    <subfield code="e">[&#x434;&#x43B;&#x44F; &#x434;&#x43E;&#x448;&#x43A;&#x43E;&#x43B;&#x44C;&#x43D;&#x43E;&#x433;&#x43E; &#x432;&#x43E;&#x437;&#x440;&#x430;&#x441;&#x442;&#x430;</subfield>
    <subfield code="e">&#x434;&#x43B;&#x44F; &#x437;&#x430;&#x43D;&#x44F;&#x442;&#x438;&#x439; &#x432;&#x437;&#x440;&#x43E;&#x441;&#x43B;&#x44B;&#x445; &#x441; &#x434;&#x435;&#x442;&#x44C;&#x43C;&#x438; (&#x442;&#x435;&#x43A;&#x441;&#x442; &#x447;&#x438;&#x442;&#x430;&#x44E;&#x442; &#x432;&#x437;&#x440;&#x43E;&#x441;&#x43B;&#x44B;&#x435;):</subfield>
    <subfield code="f">&#x441;&#x442;&#x438;&#x445;&#x438;: &#x415;. &#x410;. &#x413;&#x430;&#x439;&#x434;&#x435;&#x43B;&#x44C;]</subfield>
  </datafield>
  <datafield tag="210" ind1=" " ind2=" ">
    <subfield code="a">&#x41C;&#x43E;&#x441;&#x43A;&#x432;&#x430;</subfield>
    <subfield code="c">&#x410;&#x421;&#x422;</subfield>
    <subfield code="d">2018</subfield>
  </datafield>
  <datafield tag="215" ind1=" " ind2=" ">
    <subfield code="a">[10] &#x441;., [4] &#x43B;. &#x446;&#x432;. &#x43D;&#x430;&#x43A;&#x43B;&#x435;&#x435;&#x43A;</subfield>
    <subfield code="c">&#x446;&#x432;. &#x438;&#x43B;.</subfield>
    <subfield code="d">21</subfield>
  </datafield>
  <datafield tag="225" ind1="1" ind2=" ">
    <subfield code="a">&#x41A;&#x43D;&#x438;&#x436;&#x43A;&#x430; &#x441; &#x43F;&#x430;&#x437;&#x43B;&#x430;&#x43C;&#x438;-&#x43D;&#x430;&#x43A;&#x43B;&#x435;&#x439;&#x43A;&#x430;&#x43C;&#x438;</subfield>
  </datafield>
  <datafield tag="300" ind1=" " ind2=" ">
    <subfield code="a">&#x410;&#x432;&#x442;. &#x443;&#x43A;&#x430;&#x437;&#x430;&#x43D; &#x432; &#x432;&#x44B;&#x43F;. &#x434;&#x430;&#x43D;.</subfield>
  </datafield>
  <datafield tag="606" ind1="1" ind2=" ">
    <subfield code="a">&#x414;&#x43E;&#x448;&#x43A;&#x43E;&#x43B;&#x44C;&#x43D;&#x438;&#x43A;&#x438;</subfield>
    <subfield code="x">&#x41E;&#x437;&#x43D;&#x430;&#x43A;&#x43E;&#x43C;&#x43B;&#x435;&#x43D;&#x438;&#x435; &#x441; &#x432;&#x438;&#x434;&#x430;&#x43C;&#x438; &#x444;&#x440;&#x443;&#x43A;&#x442;&#x43E;&#x432;</subfield>
    <subfield code="2">nlr_sh2</subfield>
    <subfield code="3">RU\NLR\AUTH\661466237</subfield>
  </datafield>
  <datafield tag="606" ind1="1" ind2=" ">
    <subfield code="a">&#x414;&#x43E;&#x448;&#x43A;&#x43E;&#x43B;&#x44C;&#x43D;&#x438;&#x43A;&#x438;</subfield>
    <subfield code="x">&#x41E;&#x437;&#x43D;&#x430;&#x43A;&#x43E;&#x43C;&#x43B;&#x435;&#x43D;&#x438;&#x435; &#x441; &#x432;&#x438;&#x434;&#x430;&#x43C;&#x438; &#x43E;&#x432;&#x43E;&#x449;&#x435;&#x439;</subfield>
    <subfield code="2">nlr_sh2</subfield>
    <subfield code="3">RU\NLR\AUTH\661466236</subfield>
  </datafield>
  <datafield tag="686" ind1="1" ind2=" ">
    <subfield code="a">&#x427;411.387</subfield>
  </datafield>
  <datafield tag="700" ind1=" " ind2="1">
    <subfield code="a">&#x413;&#x430;&#x439;&#x434;&#x435;&#x43B;&#x44C;</subfield>
    <subfield code="b">&#x415;. &#x410;.</subfield>
  </datafield>
  <datafield tag="942" ind1=" " ind2=" ">
    <subfield code="c">BOOK</subfield>
  </datafield>
  <datafield tag="980" ind1=" " ind2=" ">
    <subfield code="a">NBR</subfield>
  </datafield>
  <datafield tag="980" ind1=" " ind2=" ">
    <subfield code="a">NB</subfield>
  </datafield>
</record>
